The Hunter Call of The Wild Great Ones - Statistics

General Stats
  • This quiz has been taken 6 times
  • The average score is 7 of 12
Answer Stats
% Correct
•Hirschfelden •Cuatro Colinas •Tòrr Nan Sithean Roe Deer
83%
•Layton Lakes•Rancho del Arroyo •Mississippi Acres •Revontuli Coast •New England Mountains •Askiy Ridge Whitetail Deer
83%
•Yukon Valley•Med-Ved Taiga •Askiy Ridge Gray Wolf
67%
•Layton Lakes•Medved-Taiga •Yukon Valley •Revontuli Coast •New England Mountains •Askiy Ridge Moose
67%
•Parque Fernando •Silver Ridge Peaks •Rancho Del Arroyo •Askiy Ridge Mule Deer
67%
•Hirschfelden•Parque Fernando •Cuatro Colinas •Te Awaroa •Emerald Coast •Tòrr Nan Sithean Red Deer
67%
•Layton Lakes•Silver Ridge Peaks •Mississippi Acres •New England Mountains Black Bear
50%
•Hirschfelden•Te Awarwoa •Emerald Coast •Tòrr Nan Sithean Fallow Deer
50%
•Hirschfelden •Yukon Valley •New England Mountains •Emerald Coast •Salzwiesen park •Tòrr Nan Sithean Red Fox
50%
•Sundarpatan Nepal•Te Awaroa Himalayan Tahr
33%
•Rancho del Arroyo•Hirschfelden •Cuatro Colinas •New England Mountains •Salzwiesen Park •Askiy Ridge •Tòrr Nan Sithean Ring-necked Phesant
33%
•Hirschfelden •Med-Ved Taiga •Cuatro Colinas •Tòrr Nan Sithean Wild Boar
33%
No matching quizzes found
Score Distribution
Percent of People with Each Score
Percentile by Number Answered
Your Score History
You have not taken this quiz